Country Categories: Tourism - Statistics

General Stats
  • This quiz has been taken 2,927 times
    2,926 since last reset
  • The average score is 42 of 63
Answer Stats
Category Rank Hint Answer % Correct
Most Roller Coasters 2 741 United States
100%
Most Roller Coasters 1 1131 China
98%
Most Visited Countries in Oceania 1 9 Million Australia
97%
Most UNESCO World Heritage Sites 4 43 France
97%
Most Roller Coasters 5 180 United Kingdom
96%
Most UNESCO World Heritage Sites 7 34 Mexico
95%
Most Visited Countries in Oceania 2 3 Million New Zealand
95%
Most Visited Countries in The Americas 3 21 Million Canada
94%
Most Roller Coasters 3 213 Japan
94%
Most UNESCO World Heritage Sites 3 46 Spain
93%
Most Visited Countries in Africa 2 8 Million Egypt
92%
Most Roller Coasters 4 208 Germany
92%
Most UNESCO World Heritage Sites 1 53 Italy
92%
Most Visited Countries in The Americas 5 6 Million Brazil
91%
Most Visited Countries in Africa 1 10 Million South Africa
91%
Most UNESCO World Heritage Sites 9 28 Russia
89%
Most Visited Countries in Oceania 3 843 Thousand Fiji
87%
Most UNESCO World Heritage Sites 6 36 India
87%
Most Visited Countries in The Americas 4 7 Million Argentina
85%
Most Visited Microstates 3 5 Million Vatican City
80%
Most Visited Island Countries 3 14 Million Indonesia
79%
Most Visited Landlocked Countries 4 10 Million Switzerland
79%
Most Tourists per Capita 5 3,400 Austria
78%
Most Visited Countries in The Americas 10 4 Million Peru
77%
Most Visited Island Countries 9 5 Million Cuba
76%
Most Visited Countries in Asia 10 13 Million South Korea
76%
Most Visited Countries in The Americas 6 6 Million Chile
75%
Most Visited Countries in The Americas 9 4 Million Colombia
75%
Most Visited Island Countries 4 14 Million Singapore
74%
Most Tourists 9 38 Million Thailand
74%
Most Visited Countries in Europe 7 27 Million Greece
73%
Most Visited Countries in Africa 6 2 Million Nigeria
70%
Most Visited Island Countries 6 10 Million Ireland
69%
Most Visited Countries in Oceania 4 179 Thousand Papua New Guinea
69%
Most Visited Countries in Oceania 5 146 Thousand Samoa
69%
Most Tourists 6 46 Million Turkey
69%
Countries With the Most Ski Resorts 10 228 Sweden
67%
Most Visited Countries in Africa 4 2 Million Algeria
66%
Most Visited Countries in Europe 9 18 Million Poland
66%
Most Visited Island Countries 8 6 Million Dominican Republic
63%
Most Visited Countries in Europe 10 18 Million Netherlands
63%
Most Tourists per Capita 3 3,800 Bahamas
62%
Most Visited Countries in Africa 3 7 Million Tunisia
62%
Most Visited Island Countries 7 7 Million Philippines
60%
Most Visited Countries in Asia 5 26 Million Malaysia
59%
Most Visited Microstates 4 3 Million Andorra
56%
Most Tourists per Capita 1 6,600 Iceland
55%
Most Tourists per Capita 2 5,300 Malta
54%
Most Visited Landlocked Countries 3 10 Million Czech Republic
53%
Most Visited Countries in Asia 6 16 Million Saudi Arabia
52%
Most Tourists per Capita 6 3,200 Maldives
42%
Most Tourists per Capita 7 3,000 Cyprus
41%
Most Visited Countries in Africa 8 1 Million Botswana
38%
Most Visited Countries in Africa 9 1 Million Namibia
38%
Most Tourists per Capita 4 3,700 Croatia
35%
Most Visited Countries in Africa 5 2 Million Zimbabwe
33%
Most Visited Landlocked Countries 5 8 Million Kazakhstan
32%
Most Tourists per Capita 9 2,900 Bahrain
29%
Most Visited Countries in Africa 10 1 MIllion Mozambique
28%
Most Visited Countries in Africa 7 2 Million Ivory Coast
21%
Most Visited Landlocked Countries 2 11 Million Belarus
14%
Most Tourists per Capita 10 2,500 Estonia
12%
Most Tourists per Capita 8 2,900 Montenegro
8%
No matching quizzes found
Score Distribution
Percent of People with Each Score
Percentile by Number Answered
Your Score History
You have not taken this quiz since the last reset